| 000 | 00514pab a2200169 454500 | ||
|---|---|---|---|
| 008 | 180718b2005 xxu||||| |||| 00| 0 eng d | ||
| 100 | _aDolan, Chris J. | ||
| 245 | _aUnited States' narco-terrorism policy: a contingency approach to the convergence of the wars on drugs and against terrorism | ||
| 260 | _c2005 | ||
| 300 | _ap.451-71. | ||
| 362 | _aJul | ||
| 650 | _aWar - United States | ||
| 650 | _aTerrorism - United States | ||
| 650 | _aTerrorism | ||
| 773 | _aReview of Policy Research | ||
| 909 | _a66533 | ||
| 999 |
_c66533 _d66533 |
||